Movies Quiz

Random Movies or Pokémon Quiz

Pokemon Movie Titles Quiz Stats

Quiz not verified by Sporcle

Challenge
Share
Tweet
Embed
Score 0/12 Timer 04:00
0 Plays Today
Year % Correct
1999Mewtwo Strikes Back
84.5%
2000The Power of One
70.5%
2002Celebi Voice of the Forest
59.5%
2004Jirachi Wish Maker
54%
2003Heroes
50.5%
2001Spell of the Unown
49%
2005Destiny Deoxys
49%
2008The Rise of Darkrai
47.5%
2006Lucario and the Mystery of Mew
45%
2010Arceus and the Jewel of Life
43.5%
2009Giratina and the Sky Warrior
43%
2007Ranger and the Temple of the Sea
30.5%

You're not logged in!

Compare scores with friends on all Sporcle quizzes.
Join for Free
OR
Log In

You Might Also Like...

Show Comments

Extras

Created Oct 1, 2009ReportNominate
Tags:Pokémon Quiz

Top Quizzes Today


Score Distribution

Your Account Isn't Verified!

In order to create a playlist on Sporcle, you need to verify the email address you used during registration. Go to your Sporcle Settings to finish the process.

Report this User

Report this user for behavior that violates our Community Guidelines.

Details: